| 000 | 00600nam a2200241 a 4500 | ||
|---|---|---|---|
| 001 | nice12345678 | ||
| 003 | IN_TiNIC | ||
| 005 | 20260116011323.0 | ||
| 008 | 050524s1923 hyda grp 000 0 ara | ||
| 020 |
_a _c100 |
||
| 082 | 0 | 0 |
_a181.07 _bSHA |
| 100 | _aShafai Al, Ali Bin | ||
| 245 | _aIstahsanul Khauz | ||
| 260 |
_aHyderabad _bDairatul Maarif _c1923 |
||
| 300 | _a12p | ||
| 500 | _aincludes index and biblioraphy | ||
| 505 | 2 | _a12 Volumes in Bounded in Six Volumes | |
| 650 | _aPhilosophy-Islamic | ||
| 700 | 1 | _aShafai Al, Ali Bin | |
| 902 | _bSRS | ||
| 942 | _cBK | ||
| 999 |
_c488 _d488 |
||